Vista normal
Vista MARC
Entrada Personal Name
Número de registros utilizados en: 1
001 - CONTROL NUMBER
- control field: 4853
003 - CONTROL NUMBER IDENTIFIER
- control field: OSt
005 - DATE AND TIME OF LATEST TRANSACTION
- control field: 20210308153403.0
008 - FIXED-LENGTH DATA ELEMENTS
- fixed length control field: 170627 a|ac|n|aab||||||||||||a |n|||||||
010 ## - LIBRARY OF CONGRESS CONTROL NUMBER
- LC control number: 83211941
040 ## - CATALOGING SOURCE
- Description conventions: rda
- Original cataloging agency: DLC
- Language of cataloging: spa
- Transcribing agency: Mx-PuUPA
- Modifying agency: OCoLC
- Modifying agency: Uk
- Modifying agency: Mx-PuUPA
046 ## - SPECIAL CODED DATES
- Birth date: 19461127
100 1# - HEADING--PERSONAL NAME
- Personal name: Forment Giralt, Eudaldo,
- Dates associated with a name: 1946-
372 ## - FIELD OF ACTIVITY
- Field of activity: Metafísica
373 ## - ASSOCIATED GROUP
- Associated group: Universidad de Barcelona
374 ## - OCCUPATION
- Occupation: Autor
- Occupation: Profesor de filosofía
- Occupation: Doctor en Filosofía
375 ## - GENDER
- Gender: hombre
377 ## - ASSOCIATED LANGUAGE
- Language code: spa
400 1# - SEE FROM TRACING--PERSONAL NAME
- Personal name: Giralt, Eudaldo Forment
- Dates associated with a name: 1946-
400 1# - SEE FROM TRACING--PERSONAL NAME
- Personal name: Forment, Eudaldo
- Dates associated with a name: 1946-
670 ## - SOURCE DATA FOUND
- Source citation: His Ser y persona, 1982:
- Information found: t.p. (Eudaldo Forment Giralt) cover (Eudaldo Forment)
670 ## - SOURCE DATA FOUND
- Source citation: Id a Tomás. Principios fundamentales del pensamiento de Santo Tomás, 1998:
- Information found: t.p. (Eudaldo Forment ) portada
670 ## - SOURCE DATA FOUND
- Source citation: Biblioteca del congreso (Estados Unidos), 25 noviembre 2019:
- Information found: Catálogo electrónico
- Uniform Resource Identifier: http://bit.ly/2QPKj0v